Southville International School and Colleges
Your cart is empty.
  • Cart
  • Lists
    Public lists Eva Luna New books Lux_list list_1
    Your lists Log in to create your own lists
  • Log in to your account
  • Your cookies
  • Search history
Southville International School and Colleges
  • Advanced search
  • Recent comments
  • Most popular
  • Libraries

Log in to your account

Log in with GOOGLE


If you do not have an external account, but do have a local account, you can still log in:

  1. Home
  2. MARC view: Food and beverage management /
Normal view MARC view ISBD view

Food and beverage management / (Record no. 276726)

[ view plain ]
MARC details
000 -LEADER
fixed length control field 00980nam a2200289 a 4500
001 - CONTROL NUMBER
control field 4002186
003 - CONTROL NUMBER IDENTIFIER
control field PILC
005 - DATE AND TIME OF LATEST TRANSACTION
control field 20150112093448.0
008 - FIXED-LENGTH DATA ELEMENTS--GENERAL INFORMATION
fixed length control field 960103s1995 miua b 001 0 eng
010 ## - LIBRARY OF CONGRESS CONTROL NUMBER
LC control number 96100510
020 ## - INTERNATIONAL STANDARD BOOK NUMBER
International Standard Book Number 0866121196 (pbk.)
020 ## - INTERNATIONAL STANDARD BOOK NUMBER
International Standard Book Number 0866120572
040 ## - CATALOGING SOURCE
Original cataloging agency DLC
Transcribing agency DLC
050 00 - LIBRARY OF CONGRESS CALL NUMBER
Classification number TX 911.3.M27
Item number .N5497 1995
082 00 - DEWEY DECIMAL CLASSIFICATION NUMBER
Classification number 647.95/068
100 1# - MAIN ENTRY--PERSONAL NAME
Personal name Ninemeier, Jack D.
245 10 - TITLE STATEMENT
Title Food and beverage management /
Statement of responsibility, etc Jack D. Ninemeier.
250 ## - EDITION STATEMENT
Edition statement 2nd ed.
260 ## - PUBLICATION, DISTRIBUTION, ETC. (IMPRINT)
Place of publication, distribution, etc East Lansing, Mich. :
Name of publisher, distributor, etc Educational Institute of the American Hotel & Motel Association,
-- yz1995.
300 ## - PHYSICAL DESCRIPTION
Extent xiv, 374 pages :
Other physical details illustration ;
Dimensions 23 cm. +
Accompanying material 1 answer sheet
504 ## - BIBLIOGRAPHY, ETC. NOTE
Bibliography, etc Includes bibliographical references and index.
650 #0 - SUBJECT ADDED ENTRY--TOPICAL TERM
Topical term or geographic name as entry element Food service management.
650 #0 - SUBJECT ADDED ENTRY--TOPICAL TERM
Topical term or geographic name as entry element Restaurant management.
906 ## - LOCAL DATA ELEMENT F, LDF (RLIN)
a 7
b cbc
c orignew
d 2
e ncip
f 19
g y-gencatlg
942 ## - ADDED ENTRY ELEMENTS (KOHA)
Source of classification or shelving scheme Library of Congress Classification
Koha item type Books
Holdings
Withdrawn status Lost status Source of classification or shelving scheme Damaged status Home library Current library Shelving location Date acquired Sub Shelving location Total Checkouts Full call number Barcode Date last seen Price effective from Koha item type Source of acquisition Public note
    Library of Congress Classification   Southville International School Affiliated with Foreign Universities Library Southville International School Affiliated with Foreign Universities Library Southville Foreign University Section 08/24/2013     TX 911.3.M27 .N5497 1995 SFU0676 05/15/2018 08/24/2013 Books    
    Library of Congress Classification   Southville International School Affiliated with Foreign Universities Library Southville International School Affiliated with Foreign Universities Library Southville Foreign University Section 08/24/2013     TX 911.3.M27 .N5497 1995 SFU0677 05/15/2018 08/24/2013 Books    
    Library of Congress Classification   Southville International School Affiliated with Foreign Universities Library Southville International School Affiliated with Foreign Universities Library Southville Foreign University Section 08/24/2013     TX 911.3.M27 .N5497 1995 SFU0678 05/15/2018 08/24/2013 Books    
Withdrawn   Library of Congress Classification   Southville International School Affiliated with Foreign Universities Library Southville International School Affiliated with Foreign Universities Library   08/24/2013     TX 911.3.M27 .N5497 1995 SFU0663 05/15/2018 08/24/2013 Books Donation Books donated

Food and beverage management /

APA

Ninemeier J. D., .Food and beverage management. East Lansing, Mich: Educational Institute of the American Hotel & Motel Association.

Chicago

Ninemeier Jack D, .Food and beverage management. East Lansing, Mich: Educational Institute of the American Hotel & Motel Association.

Harvard

Ninemeier J. D., .Food and beverage management. East Lansing, Mich: Educational Institute of the American Hotel & Motel Association.

MLA

Ninemeier Jack D, .East Lansing, Mich: Educational Institute of the American Hotel & Motel Association. .

  • Place hold
  • Print
  • Cite
  • Add to your cart (remove)
  • Save record
    BIBTEX Dublin Core MARCXML MARC (non-Unicode/MARC-8) MARC (Unicode/UTF-8) MARC (Unicode/UTF-8, Standard) MODS (XML) RIS
  • More searches
    Search for this title in:
    Other Libraries (WorldCat) Other Databases (Google Scholar) Online Stores (Bookfinder.com) Open Library (openlibrary.org)

Exporting to Dublin Core...

SOUTHVILLE LIBRARY

Southville International School and Colleges Library

1281 Tropical Ave. Cor. Luxembourg St., BF Homes International, Las Pinas City

Tel. No. 8256374 / 252358 Loc. 117/146

Powered by Koha